European Police Cars - Statistics

General Stats
  • This quiz has been taken 108 times
  • The average score is 13 of 20
Answer Stats
Picture Answer % Correct
United Kingdom
90%
Germany
89%
Italy
84%
Spain
83%
France
80%
Sweden
76%
Netherlands
71%
Russia
69%
Portugal
66%
Romania
66%
Greece
61%
Poland
60%
Switzerland
59%
Norway
58%
Ukraine
57%
Serbia
54%
Czechia
52%
Denmark
47%
Luxembourg
40%
Lithuania
35%
No matching quizzes found
Score Distribution
Percent of People with Each Score
Percentile by Number Answered
Your Score History
You have not taken this quiz